ბათუმის შოთა რუსთაველის სახელმწიფო უნივერსიტეტის ბიბლიოთეკა

Экономика предпричятия.Учебникдля вузов. (ბიბ.ჩანაწერი № 37314)

000 -LEADER
fixed length control field 00717nam a2200217Ia 4500
001 - CONTROL NUMBER
control field 3273
003 - CONTROL NUMBER IDENTIFIER
control field GE_BSU
008 - FIXED-LENGTH DATA ELEMENTS--GENERAL INFORMATION
fixed length control field 181216s||||||||xx |||||||||||||| ||und||
020 ## - INTERNATIONAL STANDARD BOOK NUMBER
International Standard Book Number 585173048Х
040 ## - CATALOGING SOURCE
Transcribing agency GE_BSU
100 ## - MAIN ENTRY--PERSONAL NAME
Personal name Горфинкедь,Е.М. Купряков, В.П. Прасолова и др.;.
245 ## - TITLE STATEMENT
Title Экономика предпричятия.Учебникдля вузов.
245 ## - TITLE STATEMENT
Statement of responsibility, etc. Под. ред. проф. В.Я. Горфинкеля, проф. Е.М. Купрякова.
260 ## - PUBLICATION, DISTRIBUTION, ETC.
Place of publication, distribution, etc. Москва
260 ## - PUBLICATION, DISTRIBUTION, ETC.
Name of publisher, distributor, etc. Банки и Биржи
260 ## - PUBLICATION, DISTRIBUTION, ETC.
Date of publication, distribution, etc. 1996
300 ## - PHYSICAL DESCRIPTION
Extent 376ст.
653 ## - INDEX TERM--UNCONTROLLED
Uncontrolled term Экономика предпричятия.
942 ## - ADDED ENTRY ELEMENTS (KOHA)
Koha item type წიგნი

არაა ხელმისაწვდომი ეგზემპლარები.